00719nam a2200217 a 450000100060000000300080000600500170001400800410003103500210007204000350009304100080012808200240013610000590016024500750021926000330029430000320032750000200035965000250037965100510040470000460045565210BD-RjUL20211209081410.0170301s1931 enka 001 0 eng d a(BD-RjUL) 65340 aBD-RjULbBD-RjULcBD-RjULdeng aeng04a953.8223bHUM 19311 aHurgronje, C. Snouckq(Christiaan Snouck),d1857-1936.10aMekka :nIn The Later Part Of The 19th Century /cC. Snouck Hurgronje. aLondon :bLuzac & Co.,c1931 avi, 309 p. ;c26 cm.bill.; aIncludes Index. aMecca (Saudi Arabia) 0aMecca (Saudi Arabia)xSocial life and customs. aTrns by Monahan, J.HqTrns by J.H.Monahan